| 000 | 00368 a2200157 4500 | ||
|---|---|---|---|
| 003 | Nust | ||
| 005 | 20170207153530.0 | ||
| 040 | _cNust | ||
| 082 | _a891.439 | ||
| 100 | _aButt, Muhammad Younas | ||
| 245 |
_aAfra Tafreh _cDr Muhammad Younas Butt |
||
| 260 |
_aLahore _bGora Publisher |
||
| 300 | _a414:p | ||
| 538 | _aAlmirah No.67, Shelf No.1 | ||
| 650 | _aUrdu Literature | ||
| 942 |
_2ddc _cBK |
||
| 999 |
_c187955 _d187955 |
||